| 000 | 00441nam a2200157Ia 4500 | ||
|---|---|---|---|
| 008 | 210716s2003 xx 000 0 und d | ||
| 020 | _a8178664860 | ||
| 041 | _aeng | ||
| 082 | _a659.1 CHUS | ||
| 100 | _aChunawalla, S A;Sethia, K C. | ||
| 245 |
_aFoundations of advertising: theory and practice. _bTheory and practice. |
||
| 250 | _a1 | ||
| 260 |
_aNew Delhi _bHimalaya Publishing House _c2003 |
||
| 300 | _a930 | ||
| 650 | _aAdvertising | ||
| 999 |
_c197711 _d197711 |
||